The road to a free economy : (Record no. 775)

000 -LEADER
fixed length control field 01393nam a22004217a 4500
001 - CONTROL NUMBER
control field 1051734
003 - CONTROL NUMBER IDENTIFIER
control field OSt
005 - DATE AND TIME OF LATEST TRANSACTION
control field 20210422053205.0
008 - FIXED-LENGTH DATA ELEMENTS--GENERAL INFORMATION
fixed length control field 900207s1990 nyu b 001 0 eng
010 ## - LIBRARY OF CONGRESS CONTROL NUMBER
LC control number 90006865
020 ## - INTERNATIONAL STANDARD BOOK NUMBER
International Standard Book Number 0393028879
020 ## - INTERNATIONAL STANDARD BOOK NUMBER
International Standard Book Number 0393306917 (pbk.)
040 ## - CATALOGING SOURCE
Original cataloging agency eng
Transcribing agency DLC
Modifying agency eng
Language of cataloging eng
041 1# - LANGUAGE CODE
Language code of text/sound track or separate title eng
Language code of original hun
043 ## - GEOGRAPHIC AREA CODE
Geographic area code e-hu---
050 00 - LIBRARY OF CONGRESS CALL NUMBER
Classification number HC300.282
Item number .K6713 1990
080 ## - UNIVERSAL DECIMAL CLASSIFICATION NUMBER
Universal Decimal Classification number 33
Item number K-75
082 00 - DEWEY DECIMAL CLASSIFICATION NUMBER
Classification number 338.9439
Edition number 20
100 1# - MAIN ENTRY--PERSONAL NAME
Personal name Kornai, János.
240 10 - UNIFORM TITLE
Uniform title Indulatos röpirat a gazdasági átmenet ügyėben.
Language of a work English
245 14 - TITLE STATEMENT
Title The road to a free economy :
Remainder of title shifting from a socialist system : the example of Hungary /
Statement of responsibility, etc. / by: W. W. Norton and Company
250 ## - EDITION STATEMENT
Edition statement 1st ed.
260 ## - PUBLICATION, DISTRIBUTION, ETC.
Place of publication, distribution, etc. New York :
Name of publisher, distributor, etc. W. W. Norton and Company
Date of publication, distribution, etc. c1990.
300 ## - PHYSICAL DESCRIPTION
Extent 224 p.
Dimensions 22 cm.
365 ## - TRADE PRICE
Price amount 16.95 usd
500 ## - GENERAL NOTE
General note Rev. translation of: Indulatos röpirat a gazdasági átmenet ügyében.
500 ## - GENERAL NOTE
General note Includes index.
504 ## - BIBLIOGRAPHY, ETC. NOTE
Bibliography, etc. note Includes bibliographical references (p. 213-217).
650 #0 - SUBJECT ADDED ENTRY--TOPICAL TERM
Topical term or geographic name entry element Capitalism
Geographic subdivision Hungary.
650 #0 - SUBJECT ADDED ENTRY--TOPICAL TERM
Topical term or geographic name entry element Economics
9 (RLIN) 446
651 #0 - SUBJECT ADDED ENTRY--GEOGRAPHIC NAME
Geographic name Hungary
General subdivision Economic conditions
Chronological subdivision 1989-
651 #0 - SUBJECT ADDED ENTRY--GEOGRAPHIC NAME
Geographic name Hungary
General subdivision Economic policy
Chronological subdivision 1989-
653 ## - INDEX TERM--UNCONTROLLED
Uncontrolled term ეკონომიკა
653 ## - INDEX TERM--UNCONTROLLED
Uncontrolled term უნგრეთი
906 ## - LOCAL DATA ELEMENT F, LDF (RLIN)
a 7
b cbc
c orignew
d 1
e ocip
f 19
g y-gencatlg
942 ## - ADDED ENTRY ELEMENTS (KOHA)
Source of classification or shelving scheme
Koha item type Books
Edition 1
Holdings
Withdrawn status Lost status Source of classification or shelving scheme Damaged status Not for loan Permanent location Current location Date acquired Inventory number Total Checkouts Full call number Barcode Date last seen Price effective from Koha item type
          Ken Walker International University Ken Walker International University 12/21/2020 2207   33 K-75 2207 12/21/2020 12/21/2020 Books

Powered by Koha